Novelas y novelistas : (Record no. 181878)

MARC details
000 -LEADER
campo de control de longitud fija 00848nam a2200265 i 4500
001 - NÚMERO DE CONTROL
campo de control 181878
003 - IDENTIFICADOR DE NÚMERO DE CONTROL
campo de control ES-MaACL
005 - FECHA Y HORA DE LA ÚLTIMA TRANSACCIÓN
campo de control 20240126205332.0
008 - DATOS DE LONGITUD FIJA--INFORMACIÓN GENERAL
campo de control de longitud fija 130503s2012 sp | |||||||| | spa d
020 ## - NÚMERO INTERNACIONAL ESTÁNDAR DEL LIBRO
Número Internacional Estándar del Libro 978-84-8393-091-5
080 ## - NÚMERO DE LA CLASIFICACIÓN DECIMAL UNIVERSAL
Número de la Clasificación Decimal Universal 82-31.09
100 1# - ENTRADA PRINCIPAL--NOMBRE DE PERSONA
Nombre de persona Bloom, Harold.
9 (RLIN) 29559
245 10 - MENCIÓN DEL TÍTULO
Título Novelas y novelistas :
Resto del título el canon de la novela /
Mención de responsabilidad, etc. Harold Bloom ; traducción de Eduardo Berti.
250 ## - MENCION DE EDICION
Mención de edición 1ª ed.
260 ## - PUBLICACIÓN, DISTRIBUCIÓN, ETC.
Lugar de publicación, distribución, etc. Madrid :
Nombre del editor, distribuidor, etc. Páginas de Espuma,
Fecha de publicación, distribución, etc. 2012.
300 ## - DESCRIPCIÓN FÍSICA
Extensión 879 p. ;
Dimensiones 22 cm.
490 1# - MENCIÓN DE SERIE
Mención de serie Voces ;
Designación de volumen o secuencia 164.
Mención de serie Ensayo
500 ## - NOTA GENERAL
Nota general Índice.
650 04 - PUNTO DE ACCESO ADICIONAL DE MATERIA--TÉRMINO DE MATERIA
Término de materia o nombre geográfico como elemento de entrada Novela-
Subdivisión general Historia y crítica.
9 (RLIN) 15603
700 1# - ENTRADA AGREGADA--NOMBRE PERSONAL
Nombre de persona Berti, Eduardo,
Fechas asociadas al nombre 1964-
9 (RLIN) 152681
830 0# - PUNTO DE ACCESO ADICIONAL DE SERIE-TÍTULO UNIFORME
Título uniforme Voces ;
Designación de volumen o secuencia 164.
Título uniforme Ensayo
9 (RLIN) 223010
852 ## - LOCALIZACIÓN
Ubicación ES-MaACL
Número de control de estantería A-12692
itemnumber 188786
Sublocalización o colección R.148659
Ubicación en estantería Depósito 1
Signatura antigua Olim: N-5693
942 ## - ELEMENTOS DE ENTRADA SECUNDARIOS (KOHA)
Fuente del sistema de clasificación o colocación Clasificación decimal universal
Tipo de ítem Koha Libro impreso
Holdings
Estatus retirado Estado de pérdida Fuente del sistema de clasificación o colocación Estado de daño No para préstamo Biblioteca de origen Biblioteca actual Ubicación en estantería Fecha de adquisición Fuente de adquisición Total de préstamos Signatura topográfica completa Código de barras Visto por última vez Precio de reemplazo Tipo de ítem Koha
    Clasificación decimal universal     Biblioteca del Ateneo de Madrid Biblioteca del Ateneo de Madrid Depósito 1 03/05/2013 Compra   A-12692 1191136 23/02/2023 23/02/2023 Libro impreso